| 000 | 00473nam a2200145Ia 4500 | ||
|---|---|---|---|
| 008 | 230128s9999 xx 000 0 und d | ||
| 041 | _aeng | ||
| 082 |
_aPAT PR0648 _bPAT |
||
| 100 |
_aPatil Priyanka - 2k161102; Ganesh Lotke - Guide & Sahyadri Farms _9119005 |
||
| 245 | _aStudy Of Iqf Food Processing Technology And Processing Management For Mango Dices | ||
| 260 |
_c2016 _bSavitribai Phule Pune University _aPune |
||
| 300 | _a66p | ||
| 440 | _v1 | ||
| 999 |
_c97309 _d97309 |
||